Kỹ thuật số : Đã được duyệt làm giáo trình cho các trường đại học kỹ thuật
Nội dung sách gồm Đại số Boole và vi mạch số, trình bày cơ sở toán và kỹ thuật của mạch số. Mạch tổ hợp, giới thiệu những vấn đề lý thuyết cơ bản của mạch tổ hợp, những mạch tổ hợp thường gặp và ứng dụng. Mạch dãy, trình bày cá...
Spremljeno u:
| Glavni autor: | |
|---|---|
| Format: | Knjiga |
| Jezik: | Undetermined |
| Izdano: |
Hà Nội
Khoa học và Kỹ thuật
1999
|
| Teme: | |
| Oznake: |
Dodaj oznaku
Bez oznaka, Budi prvi tko označuje ovaj zapis!
|
| Thư viện lưu trữ: | Trung tâm Học liệu Trường Đại học Cần Thơ |
|---|
| LEADER | 01163nam a2200217Ia 4500 | ||
|---|---|---|---|
| 001 | CTU_36798 | ||
| 008 | 210402s9999 xx 000 0 und d | ||
| 020 | |b 35.000đ | ||
| 082 | |a 621.382 | ||
| 082 | |b V121 | ||
| 100 | |a Nguyễn, Thúy Vân | ||
| 245 | 0 | |a Kỹ thuật số : | |
| 245 | 0 | |b Đã được duyệt làm giáo trình cho các trường đại học kỹ thuật | |
| 245 | 0 | |c Nguyễn Thúy Vân | |
| 260 | |a Hà Nội | ||
| 260 | |b Khoa học và Kỹ thuật | ||
| 260 | |c 1999 | ||
| 520 | |a Nội dung sách gồm Đại số Boole và vi mạch số, trình bày cơ sở toán và kỹ thuật của mạch số. Mạch tổ hợp, giới thiệu những vấn đề lý thuyết cơ bản của mạch tổ hợp, những mạch tổ hợp thường gặp và ứng dụng. Mạch dãy, trình bày các phương pháp phân tích, thiết kế mạch dãy, các mạch dãy thường gặp và ứng dụng. | ||
| 650 | |a Digital electronics | ||
| 904 | |i Minh | ||
| 980 | |a Trung tâm Học liệu Trường Đại học Cần Thơ | ||